[Event "12th Steve Boniface Memorial (Bristol) "]
[Site "Bristol Grammar School"]
[Date "2018.08.26"]
[Round "4.12"]
[White "Moore, Geoffrey R"]
[Black "Cherupalli, Ramprasad"]
[Result "1-0"]
[WhiteElo "1980"]
[BlackElo "1842"]
[PlyCount "125"]
[EventDate "2018.08.24"]
[SourceVersionDate "2018.08.27"]

1. e4 c5 2. Nf3 d6 3. d4 cxd4 4. Nxd4 Nf6 5. Nc3 a6 6. f3 Nc6 7. Be3 e5 8. Nb3
Be6 9. Qd2 d5 10. exd5 Nxd5 11. Nxd5 Qxd5 12. O-O-O Qxd2+ 13. Rxd2 Nb4 14. Nc5
Bxa2 15. Nxb7 Rc8 16. c3 Rc7 17. Rd8+ Ke7 18. Bc5+ Rxc5 19. Rxf8 Rxf8 20. Nxc5
Nd5 21. Bxa6 Kd6 22. Ne4+ Kc6 23. c4 Ne3 24. Bb5+ Kb6 25. Nd2 Kc5 26. Re1 Nxg2
27. Rxe5+ Kd4 28. Rd5+ Ke3 29. b3 Nf4 30. Re5+ Kf2 31. c5 Rd8 32. c6 Rc8 33.
Kb2 Rxc6 34. Bxc6 Nd3+ 35. Kxa2 Nxe5 36. Bd5 f5 37. b4 Nd3 38. b5 Nb4+ 39. Kb3
Nxd5 40. Kc4 Nb6+ 41. Kd4 Ke2 42. Nc4 Na4 43. f4 Kf3 44. Ke5 g6 45. Nd6 Kg4 46.
h3+ Kxh3 47. Nxf5 gxf5 48. Kxf5 h5 49. Kg5 h4 50. f5 Kg3 51. f6 Nb6 52. f7 Nd7
53. b6 h3 54. b7 h2 55. f8=Q Nxf8 56. b8=Q+ Kg2 57. Qb7+ Kg1 58. Qb1+ Kg2 59.
Qe4+ Kg1 60. Qe1+ Kg2 61. Qe2+ Kg1 62. Kg4 h1=Q 63. Kg3 1-0

[Event "12th Steve Boniface Memorial (Bristol) "]
[Site "Bristol Grammar School"]
[Date "2018.08.26"]
[Round "4.14"]
[White "Hosdurga, Chirag"]
[Black "Iwi, Graham R"]
[Result "0-1"]
[WhiteElo "1638"]
[BlackElo "1927"]
[PlyCount "96"]
[EventDate "2018.08.24"]
[SourceVersionDate "2018.08.27"]

1. d4 Nf6 2. c4 e5 3. dxe5 Ng4 4. Nf3 Bc5 5. e3 Nc6 6. Be2 Ngxe5 7. Nxe5 Nxe5
8. O-O d6 9. Nc3 a5 10. b3 O-O 11. Bb2 Re8 12. Na4 Ba7 13. Bc3 Bd7 14. Nb2 Bc6
15. Bd4 Qg5 16. g3 Qg6 17. Bxa7 Rxa7 18. Qd4 Nf3+ 19. Bxf3 Bxf3 20. Qxa7 Qf5
21. Nd3 Qxd3 22. Qd4 Qf5 23. Qf4 Qh5 24. Qh4 Qf5 25. Qf4 Qh5 26. Qh4 Qf5 27. e4
Bxe4 28. Qf4 Qh5 29. Rfe1 g5 30. g4 gxf4 31. gxh5 Re5 32. h4 f6 33. Kh2 h6 34.
Rg1+ Kf7 35. Rae1 c6 36. Rg4 Bf5 37. Rgg1 Be4 38. Rg4 Bf5 39. Rxe5 fxe5 40. Rg1
Be4 41. Rd1 d5 42. cxd5 cxd5 43. Rc1 d4 44. Kh3 Bf3 45. Rc8 Ke7 46. Rc2 d3 47.
Rd2 e4 48. Kh2 Be2 0-1

[Event "12th Steve Boniface Memorial (Bristol) "]
[Site "Bristol Grammar School"]
[Date "2018.08.26"]
[Round "4.15"]
[White "Krzyzanowski, Patryk"]
[Black "Fallowfield, Nicholas"]
[Result "1-0"]
[WhiteElo "2087"]
[BlackElo "1914"]
[PlyCount "105"]
[EventDate "2018.08.24"]
[SourceVersionDate "2018.08.27"]

1. d4 d5 2. c4 Nc6 3. Nc3 dxc4 4. e3 e5 5. d5 Nce7 6. Bxc4 Ng6 7. Qa4+ Bd7 8.
Qb3 Bd6 9. Nb5 Nf6 10. Bd2 O-O 11. Nxd6 cxd6 12. Bb4 Ne4 13. Ne2 a5 14. f3 Qh4+
15. g3 Nxg3 16. Nxg3 axb4 17. Bd3 f5 18. Qc4 e4 19. Be2 Ne5 20. Qd4 Bb5 21. f4
Bxe2 22. fxe5 Bf3 23. O-O Rac8 24. Rxf3 dxe5 25. Qxb4 Qg5 26. Rf2 f4 27. Raf1
Rf6 28. exf4 exf4 29. Qxe4 fxg3 30. Rxf6 gxf6 31. Qe6+ Kg7 32. Qxc8 Qe3+ 33.
Kg2 Qe2+ 34. Kxg3 Qxf1 35. Qxb7+ Kg6 36. Qb3 Qg1+ 37. Kh3 Qf1+ 38. Kg3 Qg1+ 39.
Kf3 Qxh2 40. Qd3+ Kg7 41. Qd4 Qh3+ 42. Ke2 Qh2+ 43. Kd3 Qd6 44. b4 h5 45. Qc5
Qa6+ 46. Kd4 Qxa2 47. d6 h4 48. Qc7+ Kg6 49. d7 Qb2+ 50. Kd5 Qb3+ 51. Qc4 Qd1+
52. Kc6 Qa4+ 53. Kd6 1-0

[Event "12th Steve Boniface Memorial (Bristol) "]
[Site "Bristol Grammar School"]
[Date "2018.08.26"]
[Round "4.17"]
[White "Anderson, Peter W"]
[Black "Strong, Chris M"]
[Result "1-0"]
[WhiteElo "2003"]
[BlackElo "1555"]
[PlyCount "59"]
[EventDate "2018.08.24"]
[SourceVersionDate "2018.08.27"]

1. d4 Nf6 2. c4 g6 3. Nc3 d5 4. Nf3 Bg7 5. cxd5 Nxd5 6. e4 Nxc3 7. bxc3 c5 8.
Be3 Nc6 9. Qd2 cxd4 10. cxd4 Bg4 11. Rd1 O-O 12. Be2 Qa5 13. Qxa5 Nxa5 14. Bd2
Nc6 15. d5 Ne5 16. Nxe5 Bxe2 17. Kxe2 Bxe5 18. f4 Bd6 19. Be3 Rfc8 20. e5 Bc5
21. Rc1 Bxe3 22. Kxe3 Kf8 23. g4 Ke8 24. e6 f6 25. h4 Kd8 26. f5 Rxc1 27. Rxc1
Rc8 28. fxg6 hxg6 29. Rxc8+ Kxc8 30. h5 1-0

[Event "12th Steve Boniface Memorial (Bristol) "]
[Site "Bristol Grammar School"]
[Date "2018.08.26"]
[Round "4.18"]
[White "Bogdan, Horia D"]
[Black "Stubbs, Oliver"]
[Result "0-1"]
[WhiteElo "1956"]
[BlackElo "1563"]
[PlyCount "52"]
[EventDate "2018.08.24"]
[SourceVersionDate "2018.08.27"]

1. c4 Nf6 2. g3 g6 3. Bg2 Bg7 4. Nc3 O-O 5. b4 c6 6. e4 d6 7. Nge2 e5 8. O-O
Be6 9. d3 Qd7 10. Bd2 Bh3 11. Qc1 Bxg2 12. Kxg2 Na6 13. a3 d5 14. Bh6 Rfe8 15.
Bxg7 Kxg7 16. Rd1 Qe6 17. c5 Rad8 18. Qb2 d4 19. Nb1 Nh5 20. Nd2 f5 21. f3 Nf6
22. Nc4 fxe4 23. fxe4 Nxe4 24. Na5 Ng5 25. Nxb7 Rf8 26. Ng1 Qd5+ 0-1

[Event "12th Steve Boniface Memorial (Bristol) "]
[Site "Bristol Grammar School"]
[Date "2018.08.26"]
[Round "4.19"]
[White "May, Adam J"]
[Black "Graham, Cassie M"]
[Result "0-1"]
[WhiteElo "1944"]
[BlackElo "1881"]
[PlyCount "86"]
[EventDate "2018.08.24"]
[SourceVersionDate "2018.08.27"]

1. Nf3 Nf6 2. c4 g6 3. Nc3 d5 4. cxd5 Nxd5 5. e4 Nxc3 6. dxc3 Qxd1+ 7. Kxd1 Bg7
8. Bf4 c5 9. Kc2 O-O 10. a4 Nd7 11. a5 Nf6 12. Nd2 Bd7 13. f3 Rac8 14. Be3 Rfd8
15. Be2 Ne8 16. Nb3 b6 17. axb6 axb6 18. Ra7 Ra8 19. Rha1 Rxa7 20. Rxa7 Nd6 21.
Nd2 Kf8 22. Bg5 Nc8 23. Ra6 Bc6 24. Bf4 Bb7 25. Ra1 Bc6 26. Nb3 Nd6 27. Nd2 Nc8
28. Bf1 Rd7 29. Nc4 Bb7 30. Ne5 Bxe5 31. Bxe5 Bc6 32. g3 g5 33. Bh3 e6 34. Bf6
h6 35. Rd1 Ba4+ 36. b3 Bxb3+ 37. Kxb3 Rxd1 38. f4 gxf4 39. gxf4 Nd6 40. e5 Ne4
41. Kc2 Rd2+ 42. Kc1 Rxh2 43. Bg4 Nxf6 0-1

[Event "12th Steve Boniface Memorial (Bristol) "]
[Site "Bristol Grammar School"]
[Date "2018.08.26"]
[Round "4.21"]
[White "Smith, Lynda"]
[Black "Miller, George"]
[Result "1-0"]
[WhiteElo "1836"]
[BlackElo "1953"]
[PlyCount "75"]
[EventDate "2018.08.24"]
[SourceVersionDate "2018.08.27"]

1. e4 d6 2. d3 e5 3. f4 Nc6 4. Nf3 Bg4 5. c3 exf4 6. Bxf4 Qf6 7. Qd2 Bxf3 8.
gxf3 O-O-O 9. Be2 h6 10. d4 g5 11. Bg3 h5 12. Na3 h4 13. Bf2 d5 14. Nc2 Qe6 15.
e5 f6 16. exf6 Nxf6 17. O-O-O g4 18. Be3 gxf3 19. Bxf3 Kb8 20. Rde1 Na5 21. b3
Qa6 22. Kb2 Qb6 23. Kc1 Ne8 24. Bg5 Nf6 25. Rhf1 a6 26. Bg2 Rd6 27. Qf4 Nd7 28.
Re8+ Ka7 29. Bh3 Nb8 30. Rxf8 Rxf8 31. Qxf8 Nxb3+ 32. axb3 Qxb3 33. Kd2 Nc6 34.
Rf6 Na5 35. Bf1 Qb2 36. Rxd6 cxd6 37. Qxd6 Nb3+ 38. Kd3 1-0

[Event "12th Steve Boniface Memorial (Bristol) "]
[Site "Bristol Grammar School"]
[Date "2018.08.26"]
[Round "5.1"]
[White "Moore, Graham J"]
[Black "Martin, Lewis"]
[Result "1-0"]
[WhiteElo "2218"]
[BlackElo "2098"]
[PlyCount "57"]
[EventDate "2018.08.24"]
[SourceVersionDate "2018.08.27"]

1. e4 c5 2. Nf3 d6 3. d4 cxd4 4. Nxd4 Nf6 5. Nc3 a6 6. h3 e5 7. Nde2 Be6 8. g4
h6 9. Bg2 Nbd7 10. O-O b5 11. Ng3 Nb6 12. a4 b4 13. Nd5 Bxd5 14. exd5 a5 15. f4
Nfd7 16. Re1 Qc7 17. Be3 O-O-O 18. c3 bxc3 19. Rc1 exf4 20. Rxc3 Nc5 21. Bxf4
Nbxa4 22. Rc2 Qb6 23. Be3 g6 24. Qd4 Qb4 25. Ra1 Qb3 26. Qxa4 Qxe3+ 27. Kh2 Rd7
28. Qxa5 Rc7 29. Re2 1-0

[Event "12th Steve Boniface Memorial (Bristol) "]
[Site "Bristol Grammar School"]
[Date "2018.08.26"]
[Round "5.2"]
[White "Orgler, Philipp"]
[Black "Merry, Alan B"]
[Result "0-1"]
[WhiteElo "2050"]
[BlackElo "2445"]
[PlyCount "34"]
[EventDate "2018.08.24"]
[SourceVersionDate "2018.08.27"]

1. d4 e6 2. e4 d5 3. Nc3 Bb4 4. exd5 exd5 5. Qf3 Qe7+ 6. Nge2 Nc6 7. Qd3 Be6 8.
a3 Ba5 9. Be3 Nf6 10. Ng3 h5 11. Be2 h4 12. Nf5 Qf8 13. b4 Bb6 14. b5 Na5 15.
g3 Nc4 16. Nxh4 Ba5 17. f3 Nb2 0-1

[Event "12th Steve Boniface Memorial (Bristol) "]
[Site "Bristol Grammar School"]
[Date "2018.08.26"]
[Round "5.3"]
[White "Carleton, John J"]
[Black "Beaumont, Chris R"]
[Result "0-1"]
[WhiteElo "2269"]
[BlackElo "2246"]
[PlyCount "84"]
[EventDate "2018.08.24"]
[SourceVersionDate "2018.08.27"]

1. d4 Nf6 2. c4 c5 3. d5 b5 4. Qc2 bxc4 5. e4 g6 6. Bxc4 d6 7. Nc3 Bg7 8. Nf3
O-O 9. O-O Ba6 10. Bxa6 Nxa6 11. Bf4 Rb8 12. h3 Nd7 13. Rfe1 Qc7 14. Qe2 c4 15.
a4 Nb4 16. Nb5 Rxb5 17. axb5 Nd3 18. Be3 Nxe1 19. Qxe1 Nc5 20. Qe2 Rb8 21. Qxc4
Bxb2 22. Rb1 Bf6 23. e5 Bg7 24. Nd4 a6 25. Nc6 Rxb5 26. Rxb5 axb5 27. Qxb5 Nb7
28. Bb6 Qd7 29. f4 dxe5 30. Qa4 exf4 31. Qxf4 Bf6 32. Be3 Nd6 33. g4 g5 34. Qf3
Qb7 35. h4 Qb1+ 36. Kg2 Qc2+ 37. Qf2 Qxf2+ 38. Kxf2 gxh4 39. Kf3 Kf8 40. g5 Bc3
41. Bf2 h3 42. Bg3 Bd2 0-1

[Event "12th Steve Boniface Memorial (Bristol) "]
[Site "Bristol Grammar School"]
[Date "2018.08.26"]
[Round "5.4"]
[White "Handley, Michael R"]
[Black "Fallowfield, Jeremy R"]
[Result "1/2-1/2"]
[WhiteElo "1963"]
[BlackElo "2111"]
[PlyCount "34"]
[EventDate "2018.08.24"]
[SourceVersionDate "2018.08.27"]

1. d4 g6 2. Nf3 Bg7 3. c4 d6 4. Nc3 e5 5. g3 Nd7 6. Bg2 Ngf6 7. O-O O-O 8. h3
exd4 9. Nxd4 Re8 10. b3 Nc5 11. Bb2 c6 12. Qc2 a5 13. Rfd1 Qb6 14. Rab1 a4 15.
Ba1 axb3 16. axb3 Qc7 17. b4 Ne6 1/2-1/2

[Event "12th Steve Boniface Memorial (Bristol) "]
[Site "Bristol Grammar School"]
[Date "2018.08.26"]
[Round "5.5"]
[White "Stewart, Ashley"]
[Black "Young, Alan K"]
[Result "1/2-1/2"]
[WhiteElo "2148"]
[BlackElo "2014"]
[PlyCount "135"]
[EventDate "2018.08.24"]
[SourceVersionDate "2018.08.27"]

1. c4 e6 2. g3 d5 3. Bg2 Nf6 4. Nf3 Be7 5. d4 O-O 6. Qc2 b6 7. O-O Bb7 8. cxd5
exd5 9. Rd1 Nbd7 10. Nc3 c5 11. dxc5 bxc5 12. Nh4 Nb6 13. Nf5 Re8 14. Bg5 Rb8
15. b3 d4 16. e3 Bxg2 17. Kxg2 Qc8 18. Ne2 Nbd5 19. Nxe7+ Rxe7 20. Rac1 Qc6 21.
Kg1 dxe3 22. Nd4 Qa6 23. Nf5 exf2+ 24. Qxf2 Re2 25. Qf3 Rbe8 26. a4 Qe6 27.
Bxf6 Nxf6 28. Rxc5 Qb6 29. Rdc1 Re1+ 30. Kg2 R1e2+ 31. Kh3 g6 32. Nh6+ Kg7 33.
Rc6 Qf2 34. Qxf2 Rxf2 35. Ng4 Nxg4 36. Kxg4 Re4+ 37. Kh3 g5 38. R1c2 g4+ 39.
Kh4 Rf5 40. R2c4 Rxc4 41. Rxc4 h5 42. h3 gxh3 43. Kxh3 Rf3 44. b4 Rb3 45. b5
Ra3 46. Kh4 Kg6 47. Rc6+ Kf5 48. Ra6 Ra1 49. Kh3 Ke4 50. Rxa7 f5 51. Kh4 Kf3
52. Kxh5 Kxg3 53. b6 f4 54. a5 Rh1+ 55. Kg5 f3 56. Rf7 Ra1 57. b7 Rxa5+ 58. Rf5
Rxf5+ 59. Kxf5 f2 60. b8=Q+ Kg2 61. Qg8+ Kh1 62. Qd5+ Kg1 63. Qd4 Kh1 64. Qe4+
Kg1 65. Qg4+ Kh1 66. Qh3+ Kg1 67. Qg3+ Kh1 68. Qxf2 1/2-1/2

[Event "12th Steve Boniface Memorial (Bristol) "]
[Site "Bristol Grammar School"]
[Date "2018.08.26"]
[Round "5.8"]
[White "Graham, David B"]
[Black "Turner, Joseph D"]
[Result "1-0"]
[WhiteElo "2206"]
[BlackElo "1858"]
[PlyCount "35"]
[EventDate "2018.08.24"]
[SourceVersionDate "2018.08.27"]

1. e4 e5 2. Nf3 Nc6 3. Bc4 Be7 4. d4 exd4 5. Nxd4 Ne5 6. Bb3 d6 7. O-O Nf6 8.
Nc3 a6 9. f4 Bg4 10. Qe1 Nc6 11. Nxc6 bxc6 12. e5 dxe5 13. fxe5 Bc5+ 14. Be3
Bxe3+ 15. Qxe3 Nd5 16. Qc5 Kd7 17. Bxd5 cxd5 18. Qxd5+ 1-0

[Event "12th Steve Boniface Memorial (Bristol) "]
[Site "Bristol Grammar School"]
[Date "2018.08.26"]
[Round "5.9"]
[White "Palm, Frank"]
[Black "Prasse, Philipp"]
[Result "1/2-1/2"]
[WhiteElo "2098"]
[BlackElo "1996"]
[PlyCount "84"]
[EventDate "2018.08.24"]
[SourceVersionDate "2018.08.27"]

1. e4 c6 2. d4 d5 3. Nc3 dxe4 4. Bc4 Nf6 5. f3 exf3 6. Nxf3 e6 7. O-O Be7 8.
Bg5 O-O 9. Qe1 Nd5 10. Bxe7 Nxe7 11. Qh4 Nf5 12. Qh5 g6 13. Qh3 Ne3 14. Qh6
Nxc4 15. Rad1 Qf6 16. Ne5 Qg7 17. Qxg7+ Kxg7 18. Nxc4 Nd7 19. Ne4 b6 20. Ncd6
Ba6 21. c4 h6 22. b4 Rad8 23. b5 cxb5 24. cxb5 f5 25. Nc3 Nf6 26. Nxf5+ gxf5
27. bxa6 Nd5 28. Rf3 Rf7 29. Nxd5 Rxd5 30. Rg3+ Kf6 31. Rc3 Rfd7 32. Rc4 Ra5
33. Rc6 Rxa2 34. d5 Re2 35. d6 e5 36. Rd3 e4 37. Rh3 Rd2 38. Rxh6+ Ke5 39. h4
R2xd6 40. Rcxd6 Rxd6 41. Rh7 b5 42. Rxa7 b4 1/2-1/2

[Event "12th Steve Boniface Memorial (Bristol) "]
[Site "Bristol Grammar School"]
[Date "2018.08.26"]
[Round "5.10"]
[White "Graham, William M"]
[Black "Krzyzanowski, Patryk"]
[Result "0-1"]
[WhiteElo "1903"]
[BlackElo "2087"]
[PlyCount "68"]
[EventDate "2018.08.24"]
[SourceVersionDate "2018.08.27"]

1. c4 Nf6 2. g3 c6 3. Bg2 d5 4. d4 e6 5. Nc3 Nbd7 6. e4 dxe4 7. Nxe4 Nxe4 8.
Bxe4 Nf6 9. Bg2 Bb4+ 10. Bd2 Qa5 11. a3 Bxd2+ 12. Qxd2 Qxd2+ 13. Kxd2 O-O 14.
Nf3 c5 15. Rad1 cxd4 16. Ke2 e5 17. Nxe5 Re8 18. f4 Ng4 19. Kf3 Ne3 20. Rxd4
Nxg2 21. Kxg2 f6 22. Nd3 Bf5 23. Nf2 Re2 24. g4 Bxg4 25. Kg3 Bf5 26. Nd1 Rae8
27. Rg1 h5 28. Rd5 g6 29. h3 Kh7 30. Rb5 Bc2 31. Rxb7+ Kh6 32. Nc3 R8e3+ 33.
Kh4 Bf5 34. Rxg6+ Kxg6 0-1

[Event "12th Steve Boniface Memorial (Bristol) "]
[Site "Bristol Grammar School"]
[Date "2018.08.26"]
[Round "5.11"]
[White "Duggan, Michael Fg"]
[Black "Fielding, Michael"]
[Result "1/2-1/2"]
[WhiteElo "2070"]
[BlackElo "1734"]
[PlyCount "88"]
[EventDate "2018.08.24"]
[SourceVersionDate "2018.08.27"]

1. e4 g6 2. d4 Bg7 3. Nf3 d6 4. Nc3 a6 5. a4 Nf6 6. Be3 O-O 7. Bc4 Bg4 8. h3
Bxf3 9. Qxf3 c6 10. O-O Qc7 11. Qg3 Nbd7 12. f4 Nxe4 13. Bxf7+ Rxf7 14. Nxe4 d5
15. Ng5 Rf5 16. Qh4 h6 17. Nf3 e6 18. g4 Rf7 19. Ne5 Nxe5 20. fxe5 g5 21. Qh5
Rxf1+ 22. Rxf1 Rf8 23. Rxf8+ Kxf8 24. h4 gxh4 25. Bxh6 Qf7 26. Qxh4 Ke8 27. Kg2
Qg6 28. Bxg7 Qxg7 29. Kg3 c5 30. c3 cxd4 31. cxd4 Kd7 32. Qh5 Qf8 33. Qh7+ Kc6
34. Qg6 Kd7 35. g5 Qf1 36. Qg7+ Kc6 37. Qf6 Qd3+ 38. Kg2 Qe2+ 39. Qf2 Qg4+ 40.
Qg3 Qe2+ 41. Kg1 Qd1+ 42. Kh2 Qe2+ 43. Qg2 Qh5+ 44. Qh3 Qe2+ 1/2-1/2

[Event "12th Steve Boniface Memorial (Bristol) "]
[Site "Bristol Grammar School"]
[Date "2018.08.26"]
[Round "5.12"]
[White "Dilleigh, Stephen P"]
[Black "Stubbs, Oliver"]
[Result "1/2-1/2"]
[WhiteElo "2016"]
[BlackElo "1563"]
[PlyCount "106"]
[EventDate "2018.08.24"]
[SourceVersionDate "2018.08.27"]

1. Nf3 Nf6 2. c4 g6 3. Nc3 Bg7 4. d4 O-O 5. e4 d6 6. Be2 e5 7. Be3 Na6 8. O-O
c6 9. d5 cxd5 10. cxd5 b6 11. Nd2 Ne8 12. a3 f5 13. f3 f4 14. Bf2 g5 15. b4 h5
16. Rc1 Rf7 17. Bb5 Nac7 18. Bc6 Rb8 19. Qe2 Bf8 20. Rc2 Ba6 21. b5 Bc8 22. Rb1
g4 23. Bxe8 Nxe8 24. Na2 Qg5 25. Be1 h4 26. Nb4 h3 27. Nc6 Ra8 28. Nf1 Rg7 29.
g3 gxf3 30. Qxf3 Bg4 31. Qd3 fxg3 32. Nxg3 Nf6 33. Bd2 Qg6 34. Re1 Nh5 35. Qe3
Bd7 36. Rc3 Nf4 37. Rf1 Bg4 38. Rf2 Be7 39. Nxe7+ Rxe7 40. Rxf4 exf4 41. Qxf4
Rf8 42. Qg5 Qxg5 43. Bxg5 Ref7 44. Bh6 Rc8 45. Rc6 Bd7 46. Rxc8+ Bxc8 47. Bd2
Bd7 48. a4 Bg4 49. Bb4 Rf6 50. Bc3 Rf3 51. Bb4 Rf6 52. Bc3 Rf3 53. Bb4 Rf6
1/2-1/2

[Event "12th Steve Boniface Memorial (Bristol) "]
[Site "Bristol Grammar School"]
[Date "2018.08.26"]
[Round "5.15"]
[White "Sierra Jiminez, S Manuel"]
[Black "Hosdurga, Chirag"]
[Result "1/2-1/2"]
[WhiteElo "1899"]
[BlackElo "1638"]
[Annotator "Tipper,Dave"]
[PlyCount "102"]
[EventDate "2018.08.24"]
[SourceVersionDate "2018.08.27"]

1. d4 d5 2. c4 e6 3. Nc3 Nf6 4. e3 Bb4 5. Qb3 Bxc3+ 6. bxc3 O-O 7. Nf3 b6 8.
cxd5 exd5 9. Be2 Be6 10. Ne5 Nfd7 11. Nxd7 Nxd7 12. c4 Nf6 13. Qc2 Ne4 14. Bd3
Re8 15. Bxe4 dxe4 16. d5 Bf5 17. Bb2 Rc8 18. g4 Bxg4 19. Rg1 Qh4 20. Rg3 f6 21.
h3 Bh5 22. Kd2 c6 23. Rag1 Bg6 24. dxc6 Rxc6 25. Qa4 Rd8+ 26. Bd4 Rdc8 27. Rc1
Rd6 28. Ke1 Qh6 29. Qa3 Rd7 30. c5 bxc5 31. Rxc5 Rcd8 32. Qc3 f5 33. Rc8 Qh4
34. Rxd8+ Qxd8 35. Rg1 Rc7 36. Qb3+ Kh8 37. Qb2 Qc8 38. Kd2 Rb7 39. Qc3 Rc7 40.
Qb2 f4 41. Rc1 fxe3+ 42. fxe3 Rxc1 43. Qxc1 Qd7 44. Qc5 h6 45. Qxa7 Qxa7 46.
Bxa7 Bf5 47. h4 g6 48. a4 Kg8 49. Kc3 Kf7 50. Kd4 Ke8 51. a5 Kd8 {draw after
72 moves} 1/2-1/2

[Event "12th Steve Boniface Memorial (Bristol) "]
[Site "Bristol Grammar School"]
[Date "2018.08.26"]
[Round "5.16"]
[White "Cherupalli, Ramprasad"]
[Black "Abbott, Mark V"]
[Result "0-1"]
[WhiteElo "1842"]
[BlackElo "1884"]
[PlyCount "76"]
[EventDate "2018.08.24"]
[SourceVersionDate "2018.08.27"]

1. Nf3 c5 2. c4 g6 3. g3 Bg7 4. Nc3 Nc6 5. Bg2 e5 6. d3 Nge7 7. Bg5 h6 8. Bd2
O-O 9. e4 d6 10. O-O Be6 11. a3 Qd7 12. Rb1 f5 13. exf5 Bxf5 14. Be3 Bg4 15.
Ne4 Rf7 16. h3 Be6 17. b4 b6 18. Qd2 Nf5 19. g4 Nxe3 20. Qxe3 Raf8 21. b5 Ne7
22. Kh2 d5 23. Ned2 e4 24. dxe4 d4 25. Qe2 g5 26. Ne1 Ng6 27. Nd3 Be5+ 28. Kg1
Bf4 29. Rbc1 Bxd2 30. Qxd2 Nh4 31. Ne5 Qc7 32. Nxf7 Qxf7 33. Qd3 Ng6 34. e5 Nf4
35. Qe4 d3 36. Kh1 Rd8 37. Rfd1 Rd4 38. Qc6 Nxg2 0-1

[Event "12th Steve Boniface Memorial (Bristol) "]
[Site "Bristol Grammar School"]
[Date "2018.08.26"]
[Round "5.17"]
[White "Graham, Cassie M"]
[Black "Smith, Lynda"]
[Result "1/2-1/2"]
[WhiteElo "1881"]
[BlackElo "1836"]
[PlyCount "51"]
[EventDate "2018.08.24"]
[SourceVersionDate "2018.08.27"]

1. e4 c5 2. Nc3 e6 3. d3 d5 4. Nf3 Nc6 5. g3 g6 6. Bg2 Bg7 7. Qe2 d4 8. Nd1 e5
9. O-O h6 10. a3 Be6 11. Rb1 Ba2 12. Ra1 Be6 13. b3 Qd7 14. Rb1 a5 15. Nb2 b5
16. a4 b4 17. Nd2 Nge7 18. f4 O-O-O 19. Ndc4 Qc7 20. Rf2 f6 21. Bd2 g5 22. f5
Bf7 23. h3 h5 24. Rbf1 Bh6 25. Bc1 Rdg8 26. Bd2 1/2-1/2

[Event "12th Steve Boniface Memorial (Bristol) "]
[Site "Bristol Grammar School"]
[Date "2018.08.26"]
[Round "5.18"]
[White "Mcgregor, John"]
[Black "Bogdan, Horia D"]
[Result "1-0"]
[WhiteElo "1847"]
[BlackElo "1956"]
[PlyCount "51"]
[EventDate "2018.08.24"]
[SourceVersionDate "2018.08.27"]

1. e4 e5 2. Nf3 Nc6 3. d4 exd4 4. Nxd4 Nf6 5. Nxc6 bxc6 6. Bd3 d5 7. e5 Ng4 8.
O-O Qh4 9. Bf4 Bc5 10. Bg3 Qg5 11. Nd2 h5 12. Nf3 Qh6 13. Qc1 Ne3 14. Re1 Nf5
15. Bf4 Qe6 16. Ng5 Qg6 17. c4 Bb4 18. Rd1 f6 19. Nf3 O-O 20. c5 fxe5 21. Bxe5
Qf7 22. a3 Nh4 23. axb4 Nxf3+ 24. gxf3 h4 25. Qg5 Re8 26. Bg6 1-0

[Event "12th Steve Boniface Memorial (Bristol) "]
[Site "Bristol Grammar School"]
[Date "2018.08.26"]
[Round "5.19"]
[White "Fallowfield, Nicholas"]
[Black "Strong, Chris M"]
[Result "1-0"]
[WhiteElo "1914"]
[BlackElo "1555"]
[PlyCount "119"]
[EventDate "2018.08.24"]
[SourceVersionDate "2018.08.27"]

1. Nf3 Nf6 2. c4 g6 3. b4 Bg7 4. Bb2 c6 5. g3 d5 6. Qc2 O-O 7. Bg2 Bf5 8. d3
Qd7 9. h3 Na6 10. a3 Nc7 11. Nd4 Rac8 12. Nxf5 Qxf5 13. O-O Rfd8 14. Nd2 e5 15.
e4 dxe4 16. dxe4 Qe6 17. Nf3 Nd7 18. Rfd1 f6 19. c5 Bf8 20. Bf1 Kg7 21. Kg2 Nb8
22. Bc4 Qe7 23. Bb3 Kh8 24. Qc4 Bg7 25. Rxd8+ Rxd8 26. Rd1 Rf8 27. Bc1 Nba6 28.
Be3 Nb8 29. Qd3 Nba6 30. Qd7 Qxd7 31. Rxd7 Re8 32. Bc4 Rc8 33. Nd2 Nb8 34. Rf7
Nba6 35. Kf3 Nb8 36. Ke2 Nba6 37. Bxa6 Nxa6 38. Rxb7 Rc7 39. Rxc7 Nxc7 40. Nc4
Na6 41. Na5 Nb8 42. Kd3 a6 43. Kc4 Kg8 44. a4 Kf7 45. b5 axb5+ 46. axb5 Ke7 47.
Nxc6+ Nxc6 48. bxc6 Kd8 49. Kd5 Kc7 50. Bd2 Bf8 51. Ba5+ Kc8 52. Bb6 Bh6 53.
Ke6 Bd2 54. Kxf6 Be1 55. Kxe5 Bxf2 56. Kf4 h6 57. g4 Bh4 58. Ke5 Bg5 59. Ke6 h5
60. Kf7 1-0

[Event "12th Steve Boniface Memorial (Bristol) "]
[Site "Bristol Grammar School"]
[Date "2018.08.26"]
[Round "5.20"]
[White "Miller, George"]
[Black "May, Adam J"]
[Result "0-1"]
[WhiteElo "1953"]
[BlackElo "1944"]
[PlyCount "68"]
[EventDate "2018.08.24"]
[SourceVersionDate "2018.08.27"]

1. d4 d5 2. Nf3 Nf6 3. e3 e6 4. Bd3 Be7 5. O-O O-O 6. Nbd2 b6 7. Ne5 c5 8. b3
Qc7 9. Bb2 Ba6 10. c4 Nbd7 11. f4 g6 12. Qf3 Rad8 13. Rac1 Bb7 14. Qh3 Nxe5 15.
fxe5 Ne4 16. Bxe4 dxe4 17. Rf4 cxd4 18. exd4 Bg5 19. Nxe4 Bxe4 20. Rxe4 Rd7 21.
Rf1 Qc6 22. Rg4 Bd8 23. Rf6 Bxf6 24. exf6 e5 25. Rh4 Qxf6 26. Rxh7 Rfd8 27. d5
b5 28. Bc1 Rxd5 29. cxd5 Rxd5 30. Rh8+ Qxh8 31. Qc8+ Kg7 32. Qc3 Rd1+ 33. Kf2
Qh4+ 34. Ke2 Qg4+ 0-1